| 000 | 00468nam a2200169Ia 4500 | ||
|---|---|---|---|
| 005 | 20250603145701.0 | ||
| 008 | 250603s9999 xx 000 0 und d | ||
| 020 | _a9789789521685 | ||
| 050 | _aHV 6950 .R87/ | ||
| 100 | _aEdited by Prof. Mohammed J. Kuna & Dr. Jibrin Ibrahim | ||
| 245 | 0 | _aRural banditry and conflict in northern Nigeria | |
| 260 | _aAbuja | ||
| 260 | _bCentre for Democracy and Development | ||
| 260 | _c2015 | ||
| 650 | _aAbuja | ||
| 942 | _cBK | ||
| 999 |
_c42548 _d42548 |
||